| 000 | 00777 a2200181 4500 | ||
|---|---|---|---|
| 020 | _a0155074210 (paperback) | ||
| 020 | _a9780155074217 (paperback) | ||
| 082 | 0 | 4 | _a808.0666 |
| 090 |
_c4392 _d4392 |
||
| 100 | 1 | _aAnderson, Paul V. | |
| 245 | 1 | 0 |
_aTechnical communication : _ba reader-centered approach / _cPaul V. Anderson. |
| 250 | _a5th ed. | ||
| 260 |
_a[S.l.] : _bThomson/Heinle, _c2002. |
||
| 300 |
_a704 p. ; _c24 cm. |
||
| 520 | _aKnown for its treatment of the rhetorical situation and its reading centered approach, the new edition is now full color and thoroughly updated to include the latest developments in technical communication. | ||
| 856 | 4 | 0 |
_3Amazon.com _uhttp://www.amazon.com/exec/obidos/ASIN/0155074210/chopaconline-20 |
| 942 |
_aNBS _cBK _k808.06665 AND |
||
| 999 |
_c346837 _d346837 |
||